Thermodynamics : (Record no. 99400)

MARC details
000 -LEADER
fixed length control field 00768nam a22002177a 4500
005 - DATE AND TIME OF LATEST TRANSACTION
control field 20160412113930.0
010 ## - LCCN (DPL NO)
LC control number ENG-115050
020 ## - INTERNATIONAL STANDARD BOOK NUMBER
International Standard Book Number 9789339221652
Terms of availability 750.00
035 ## - SYSTEM CONTROL NUMBER
System control number EN-98582
037 ## - SOURCE OF ACQUISITION
Source of stock number/acquisition DBAD/PUB
100 ## - MAIN ENTRY--PERSONAL NAME
Personal name Cengel, Yunus A.
245 ## - TITLE STATEMENT
Title Thermodynamics :
Statement of responsibility, etc by Yunus A. Cengel [and] Michael A. Boles ; adapted by Mehmet Kanoglu
Remainder of title an engineering approach /
250 ## - EDITION STATEMENT
Edition statement 8th ed
260 ## - PUBLICATION, DISTRIBUTION, ETC. (IMPRINT)
Place of publication, distribution, etc New Delhi
Name of publisher, distributor, etc McGraw Hill Education
Date of publication, distribution, etc 2016
270 ## - ADDRESS
Address P-24, Green Park Extension
City New Delhi
Postal code 110016
300 ## - PHYSICAL DESCRIPTION
Extent xxiii,954p. :
Dimensions 24cm(pbk)
Other physical details ill.
500 ## - GENERAL NOTE
General note Includes index
650 ## - SUBJECT ADDED ENTRY--TOPICAL TERM
Topical term or geographic name as entry element Thermodynamics.
700 ## - ADDED ENTRY--PERSONAL NAME
Personal name Boles, Michael A.
942 ## - ADDED ENTRY ELEMENTS (KOHA)
Source of classification or shelving scheme Dewey Decimal Classification
Item type English Books
Call number suffix CEN
Classification part 621.4021
Holdings
Withdrawn status Lost status Not for loan Collection code Home library Current library Date acquired Source of acquisition Cost, normal purchase price Full call number Barcode Copy number Cost, replacement price Koha item type
    Not For Loan Non-fiction D.B.Act.Division D.B.Act.Division 29/02/2016 DBAD/PUB 750.00 621.4021 CEN EN-98582 1 750.00 English Books

© Delhi Public Library
Hit Counter
free hit counter